书目信息 |
| 题名: |
中草药彩图手册
|
|
| 作者: | 徐鸿华 主编 ;潘超美 , 杜勤 编著 | |
| 分册: | 五 | |
| 出版信息: | 广州 广东科技出版社 2003.7 |
|
| 页数: | 342页 | |
| 开本: | 19cm | |
| 丛书名: | ||
| 单 册: | ||
| 中图分类: | R282.7-64 | |
| 科图分类: | ||
| 主题词: | 中草药--zhong cao yao--图集 , 中草药--zhong cao yao | |
| 电子资源: | ||
| ISBN: | 7-5359-3309-2 | |
| 000 | 01362nam0 2200313 450 | |
| 001 | CAL 012006036620 | |
| 005 | 20061115144651.37 | |
| 010 | @a7-5359-3309-2@dCNY38.00 | |
| 100 | @a20061012e20052003em y0chiy0120 ea | |
| 101 | 0 | @achi |
| 102 | @aCN@b440000 | |
| 105 | @aa z 001yy | |
| 200 | 1 | @a中草药彩图手册@Azhong cao yao cai tu shou ce@h五@f徐鸿华主编@g潘超美, 杜勤编著 |
| 210 | @a广州@c广东科技出版社@d2003.7@h2005.3重印 | |
| 215 | @a342页@c图@d19cm | |
| 300 | @a新版 | |
| 314 | @a潘超美, 女, 硕士, 广州中医药大学副教授, 广东省植物生理学会理事, 著有《中草药彩图手册》等。 | |
| 314 | @a杜勤, 女, 广州中医药大学博士研究生, 药用植物鉴定学教研室讲师, 著有《中草药彩图手册》等。 | |
| 314 | @a徐鸿华, 广州中医药大学首席教授, 博士生导师, 中药学重点学科学术带头人, 中国药材GAP研究促进会理事, 著有《中草药彩图手册》等。 | |
| 320 | @a有中文名索引 (第330-336页)、拉丁学名索引 (第337-342页) | |
| 330 | @a本书共收载我国东北地区常用中药和地方习用药170种(包括附药), 每种药材的描述内容包括: 药材名称、别名、来源、植(动)物形态、生境分布、采收加工、药材性状等。 | |
| 606 | 0 | @a中草药@Azhong cao yao@j图集 |
| 606 | 0 | @a中草药@Azhong cao yao |
| 690 | @aR282.7-64@v4 | |
| 701 | 0 | @a徐鸿华@Axu hong hua@4主编 |
| 702 | 0 | @a潘超美@Apan chao mei@c(女)@4编著 |
| 702 | 0 | @a杜勤@Adu qin@c(女)@4编著 |
| 801 | 0 | @aCN@c20061115 |
| 905 | @a10447@dR282.7-64@eX720 | |
| 中草药彩图手册.五/徐鸿华主编/潘超美, 杜勤编著.-广州:广东科技出版社,2003.7(2005.3重印) |
| 342页:图;19cm |
| 新版 |
| ISBN 7-5359-3309-2:CNY38.00 |
| 本书共收载我国东北地区常用中药和地方习用药170种(包括附药), 每种药材的描述内容包括: 药材名称、别名、来源、植(动)物形态、生境分布、采收加工、药材性状等。 |
| ● |
| 相关链接 |
|
|
|
正题名:中草药彩图手册
索取号:R282.7-64/X720
 
预约/预借
| 序号 | 登录号 | 条形码 | 馆藏地/架位号 | 状态 | 备注 |
| 1 | 637082 | 206370826 | 自科二线504/504自科库 25排2列6层/ [索取号:R282.7-64/X720] | 在馆 | |
| 2 | 637083 | 206370835 | 自科库401/ [索取号:R282.7-64/X720] | 在馆 |